00782cam a2200241 i 4500001000800000005001700008008004100025010001700066020002400083040001800107041000800125043001200133080002000145082002700165100000700192101000800199245011000207504003000317906004500347942001200392999001700404952011900421458082620180123035310.0750805s1975 ilua b 000 0 eng  a 75026552  a0890650845 :c$5.00 aDLCcDLCdDLC aeng an-us-il a331.2977311 STO00a910 sa331.2977311 STO1 a52 aEKO10aUnemployment and adjustment in the labor market :cHouston H. Stokes, Donald W. Jones, Hugh M. Neuburger. aBibliography: p. 121-125. a7bcbccorignewd1eocipf19gy-gencatlg 2ddccBK c40721d40721 00102udc40708PËKGa002b002cPËKGd2018-01-23l0o331.2977311 STOp002-2996102r2018-01-23w2018-01-23yBK